000 00581nam a2200229Ia 4500
003 OSt
005 20220926045536.0
006 a|||||r|||| 00| 0
007 ta
008 220923b |||||||| |||| 00| 0 eng d
037 _cGeneral Book
040 _aRTL
_cRTL
_beng
041 _2eng
_aeng
082 _aX.730M58.N5, J8
110 _aUSSR
_9350344
245 0 _aEconomic Comparisons Population & Area Basic Produ
260 _c1958
300 _a23p
_ccm.
700 _aUSSR
_9350345
942 _hX.730M58.N5, J8
_cGB
_2CC
999 _c677920
_d677920